| 000 | 02079cam a2200361 a 4500 | ||
|---|---|---|---|
| 001 | 16095094 | ||
| 005 | 20170105102846.0 | ||
| 008 | 100217s2011 enk b 001 0 eng | ||
| 010 | _a 2010006936 | ||
| 020 | _a0415462142 (pbk.) | ||
| 020 | _a9780415462143 (pbk.) | ||
| 020 | _a9780415484312 (hbk.) | ||
| 020 | _a0415484316 (hbk.) | ||
| 035 | _a(OCoLC)ocn311756269 | ||
| 040 |
_aDLC _cDLC _dYDX _dBTCTA _dYDXCP _dDLC |
||
| 042 | _apcc | ||
| 043 | _ae-uk--- | ||
| 050 | 0 | 0 |
_aKD3930 _b.F46 2011 |
| 082 | 0 | 0 |
_a342.41 _222 |
| 100 | 1 | _aFenwick, Helen. | |
| 245 | 1 | 0 |
_aText, cases, and materials on public law and human rights / _cHelen Fenwick and Gavin Phillipson. |
| 250 | _a3rd ed. | ||
| 260 |
_aLondon ; _aNew York, NY : _bRoutledge, _c2011. |
||
| 300 |
_alxvi, 1256 p. ; _c25 cm. |
||
| 504 | _aIncludes bibliographical references and index. | ||
| 505 | 0 | _aConstitutional principles and the British Constitution -- The nature and role of constitutional conventions -- The rule of law and the separation of powers -- Parliamentary sovereignty -- The European Union and parliamentary sovereignty -- Devolution -- The European Convention on Human Rights -- The commons : elections, parties, legislation and scrutiny -- The House of Lords and reform -- Parliamentary privilege -- Prerogative powers -- The central executive : structures and accountability -- Official secrecy and freedom of information -- Judicial review : availability, applicability, procedural exclusivity -- Grounds of judicial review -- Ombudsmen -- The traditional protection of civil liberties in Britain and the impact of the Human Rights Act 1998 -- Freedom of expression -- Freedom of assembly, public protest and public order -- Crime control and counter-terrorism : police powers. | |
| 650 | 0 |
_aPublic law _zGreat Britain. |
|
| 650 | 0 |
_aCivil rights _zGreat Britain. |
|
| 700 | 1 | _aPhillipson, Gavin. | |
| 906 |
_a7 _bcbc _corignew _d1 _eecip _f20 _gy-gencatlg |
||
| 942 |
_2ddc _cBK |
||
| 999 |
_c14053 _d14053 |
||